000 00818nam a22002057a 4500
999 _c1954
_d1954
003 AR-CdUCM
008 190228b ||||| |||| 00| 0 spa d
040 _aMUNICIPALIDAD PROVINCIAL DEL CUSCO
_cBIBLIOTECA MUNICIPAL DEL CUSCO
082 _a372.12 /
_bK23
100 _aKarmel, Louis
_97144
245 _aMedición y evaluación escolar /
260 _aMéxico, D.F :
_bTrillas,
_c1974.
300 _a546 paginas ;
_bDiagramas, mapa.
_c23 cm.
505 _aRazones por las que aplicamos tests y temas contemporáneos -- Verificación de los tests -- Tests estandarizados de grupo -- Tests y calificaciones hechos por el profesor...
650 _aCoeficiente Intelectual
_97145
650 _aExámenes psicológicos
_97146
650 _aProgramas de tests
_97147
942 _2ddc
_cLIBROS
945 _awnts
_d2018-02-28